000 00480nam a2200205Ia 4500
003 OSt
005 20230401115950.0
008 210423s2009 xx 000 0 und d
020 _a415111609
040 _cAL
041 _aeng
082 _a302.2 HARP
100 _aHARTLEY (Peter).
_981733
245 _aGroup communication.
260 _aLondon
_bRoutledge
_c2009
300 _axiv,226
_bPB
365 _b595
_cINR
906 _acommunication. ; Group
942 _2ddc
_cBK
999 _c157845
_d157845